| 000 | 01433nam0a2200325 4500 | ||
|---|---|---|---|
| 001 | RU\NLR\BIBL_A\011810276 | ||
| 005 | 20181011150555.0 | ||
| 010 |
_a978-5-9266-1422-7 _990 |
||
| 021 |
_aRU _bКН-П-18-063939 _9КН-П-18-4604 |
||
| 035 | _a(NLR Aleph) 011810276 | ||
| 035 | _a(RuMoRGB)009727147 | ||
| 090 |
_a11914423 _c11914423 |
||
| 100 | _a20181004d2018 u y0rusy50 ca | ||
| 101 | 0 | _arus | |
| 102 | _aRU | ||
| 105 | _aa z 000zy | ||
| 200 | 1 |
_aПриемы рукопашного боя с автоматом _eучебно-методическое пособие _fЕ. Е. Витютнев, А. П. Голодов, А. Б. Медников _gКраснодарский университет МВД России |
|
| 210 |
_aКраснодар _cКраснодарский университет МВД России _d2018 |
||
| 215 |
_a53 с. _cил. _d21 см |
||
| 320 | _aБиблиогр.: с. 52 (10 назв.) | ||
| 606 | 1 |
_aРукопашный бой с автоматом _2nlr_sh2 _3RU\NLR\AUTH\661519219 |
|
| 686 | 1 | _aЦ4,6(2Р)361.13 | |
| 700 | 1 |
_aВитютнев _bЕ. Е. _gЕвгений Евгеньевич |
|
| 701 | 1 |
_aГолодов _bА. П. _gАндрей Павлович |
|
| 701 | 1 |
_aМедников _bА. Б. _gАндрей Борисович |
|
| 942 | _cBOOK | ||
| 980 | _aNBR | ||
| 980 | _aNB | ||